000 00368nam a2200145Ia 4500
008 230917s9999||||xx |||||||||||||| ||und||
040 _e120857
_aMAIN
041 _aEnglish
082 _a823.08 M947I
100 _aManohar, D Murali
245 0 _aIndian English women's fiction
260 _aNew Delhi
_bAtlantic Publishers
_c2007
300 _a252 p.
942 _cBK
999 _c144565
_d144565